000 00275nam a22001097a 4500
008 170120b xxu||||| |||| 00| 0 eng d
020 _a0838506348
041 _aeng
080 _22ND
_a6182
245 _aBEHAVIORAL OBJECTIES-EVALUATION IN NURSING
_cREILLY, D.E
942 _2udc
_cBK
999 _c3210
_d3210